Tendencie v hospodárskom a menovom vývoji Slovenskej republiky v júni
Komentované základné ekonomické ukazovatele hospodárskeho a menového vývoja SR v júni 1994 (údaje Štatistického úradu SR a Národnej banky Slovenska).
Enregistré dans:
| Auteur principal: | |
|---|---|
| Format: | Chapitre de livre |
| Langue: | slovaque |
| Sujets: | |
| Tags: |
Pas de tags, Soyez le premier à ajouter un tag!
|
MARC
| LEADER | 00000naa a2200000 4500 | ||
|---|---|---|---|
| 001 | r016169 | ||
| 005 | 20221025113528.8 | ||
| 041 | 0 | |a slo | |
| 044 | |a SK | ||
| 245 | 1 | 0 | |a Tendencie v hospodárskom a menovom vývoji Slovenskej republiky v júni |c Ján Artur Oberhauser |
| 520 | |a Komentované základné ekonomické ukazovatele hospodárskeho a menového vývoja SR v júni 1994 (údaje Štatistického úradu SR a Národnej banky Slovenska). | ||
| 610 | 2 | 0 | |a vývoj hospodársky |
| 610 | 2 | 0 | |a mena |
| 610 | 2 | 0 | |a Slovensko |
| 610 | 2 | 0 | |a jún |
| 610 | 2 | 0 | |a 1994 |
| 610 | 2 | 0 | |a údaje štatistické |
| 610 | 2 | 0 | |a ukazovatele ekonomické |
| 100 | 1 | |a Oberhauser, Ján Artur | |